|
|
|
|
| LEADER |
01431cmm a2200397 4500 |
| 001 |
000043248 |
| 003 |
1182 |
| 005 |
20060328135116.0 |
| 008 |
010217b2001 vm 000 eng |
| 020 |
|
|
|a 0071344837 (pbk.)
|
| 020 |
|
|
|a 0071344845
|
| 040 |
|
|
|a LRC
|c LRC
|d LRC
|
| 041 |
0 |
|
|a eng
|
| 082 |
1 |
4 |
|a 621.381
|2 21
|b AD-J
|
| 100 |
1 |
|
|a Adams, John
|q (John J.)
|
| 245 |
1 |
0 |
|a Mastering electronics workbench
|h [Computer file - Đĩa máy tính] /
|c John J. Adams.
|
| 246 |
3 |
3 |
|a CD-ROM to accompany mastering electronics workbench.
|
| 250 |
|
|
|a Version 5 and Multisim version 6.
|
| 260 |
|
|
|a New York ;
|a London :
|b McGraw-Hill,
|c 2001.
|
| 300 |
|
|
|a 1 compact disk ;
|c 4 3/4 in. +
|e 1 book (xxix, 721 p. ; 24 cm.).
|
| 500 |
|
|
|a Title from container.
|
| 630 |
0 |
4 |
|a Electronics Workbench.
|
| 650 |
0 |
4 |
|a Electronic circuit design
|v Computer programs.
|
| 650 |
0 |
4 |
|a Electronic apparatus and appliances
|v Computer programs.
|
| OWN |
|
|
|a DUT
|
| AVA |
|
|
|a UDN50
|b DUT
|c Visual
|d 621.381 AD-J
|e available
|t Error 5001 Not defined in file expand_doc_bib_avail.
|f 1
|g 0
|h N
|i 0
|j AV
|k 1
|
| 999 |
|
|
|a From the UDN01
|
| AVA |
|
|
|a UDN50
|b DUT
|c Visual
|d 621.381 AD-J
|e available
|t Error 5001 Not defined in file expand_doc_bib_avail.
|f 1
|g 0
|h N
|i 0
|j AV
|k 1
|
| TYP |
|
|
|a Computer file
|
| TYP |
|
|
|a Monograph
|
| 980 |
|
|
|a Mạng thư viện Đại học Đà Nẵng
|